000 01055cam a22003257a 4500
003 CHAP
005 20220817041636.0
008 971013s1975 r 00010 d
010 _a20511
011 _a21483
035 _a25573
040 _cCHAP
082 _a080
_bS4 v.188
100 0 0 _aArias, Jacinto.
_97079
245 1 3 _aEl mundo numinoso de los mayas
_b: estructura y cambios contemporáneos
260 _aMéxico, D.F. :
_bSecretaría de Educación Pública,
_c1975
300 _a146 p.
_b: ilus
490 0 _aSEP/Setentas
_v; 188
500 _aMayas - Condiciones sociales
590 _aBATCH-UPD
_b10
_c20130110
_lUCH01
_h0919
590 _aBATCH-UPD
_b10
_c20130410
_lUCH01
_h0541
590 _aBATCH-UPD
_b10
_c20130914
_lUCH01
_h1805
590 _aCONVERSION
_b10
_c20130109
_lUCH01
_h1312
650 1 4 _aMayas
_xCondiciones sociales.
_973212
650 1 4 _aMayas
_xReligión y mitología.
_973215
830 0 _aSEP. Setentas
_v; 188
901 _aBK
942 _cLIBRO
949 _a080 S4 v.188
_bBC
_cLIBRO
_d-58931
_eLIBRO
_h44558
_i25573
_mD
_si
999 _c20511
_d20511